000 00478cam a2200205ua 4500
020 _c10.00
041 _aeng
_h
082 _a532
_bJAG/HY
100 _aJogdish, Lal .
245 _aHydraulics /
_cJogdish Lal.
_hTextual Documents
250 _a3 /
_b.
260 _aDelhi :
_bMetropolitan book co.pvt Ltd ,
_c1961.
300 _a450 ; .
365 _a10.00
504 _a
942 _cBK
999 _c1681
_d1681